<?xml version="1.0" encoding="UTF-8"?>
<record
    xmlns:xsi="http://www.w3.org/2001/XMLSchema-instance"
    xsi:schemaLocation="http://www.loc.gov/MARC21/slim http://www.loc.gov/standards/marcxml/schema/MARC21slim.xsd"
    xmlns="http://www.loc.gov/MARC21/slim">

  <leader>00407nam a22001697a 4500</leader>
  <controlfield tag="003">OSt</controlfield>
  <controlfield tag="005">20231205101721.0</controlfield>
  <controlfield tag="008">180206b        xxu||||| |||| 00| 0 eng d</controlfield>
  <datafield tag="020" ind1=" " ind2=" ">
    <subfield code="a">9789387430105</subfield>
  </datafield>
  <datafield tag="040" ind1=" " ind2=" ">
    <subfield code="c">SEROSOFT</subfield>
  </datafield>
  <datafield tag="100" ind1=" " ind2=" ">
    <subfield code="a">KUMAAR Y</subfield>
  </datafield>
  <datafield tag="245" ind1=" " ind2=" ">
    <subfield code="a">C &amp; C++ PROGRAMMING</subfield>
  </datafield>
  <datafield tag="260" ind1=" " ind2=" ">
    <subfield code="a">MEERUT</subfield>
    <subfield code="b">ARTI PUB</subfield>
    <subfield code="c">2018</subfield>
  </datafield>
  <datafield tag="300" ind1=" " ind2=" ">
    <subfield code="b">12TH ED.</subfield>
  </datafield>
  <datafield tag="856" ind1=" " ind2=" ">
    <subfield code="3">PAPER BACK</subfield>
  </datafield>
  <datafield tag="942" ind1=" " ind2=" ">
    <subfield code="2">ddc</subfield>
    <subfield code="c">02</subfield>
    <subfield code="e">12TH ED</subfield>
    <subfield code="k">005.133</subfield>
    <subfield code="m">KUM</subfield>
  </datafield>
  <datafield tag="999" ind1=" " ind2=" ">
    <subfield code="c">40991</subfield>
    <subfield code="d">40991</subfield>
  </datafield>
  <datafield tag="952" ind1=" " ind2=" ">
    <subfield code="0">0</subfield>
    <subfield code="1">0</subfield>
    <subfield code="2">ddc</subfield>
    <subfield code="4">0</subfield>
    <subfield code="7">0</subfield>
    <subfield code="a">01</subfield>
    <subfield code="b">01</subfield>
    <subfield code="d">2018-02-02</subfield>
    <subfield code="e">BHARAT BOOKS DISTRIBUTOR</subfield>
    <subfield code="g">230.00</subfield>
    <subfield code="i">330 DATED 02/02/2018</subfield>
    <subfield code="l">0</subfield>
    <subfield code="o">005.133 KUM</subfield>
    <subfield code="p">01-B-125874</subfield>
    <subfield code="r">2018-02-06</subfield>
    <subfield code="v">230.00</subfield>
    <subfield code="w">2018-02-06</subfield>
    <subfield code="y">02</subfield>
  </datafield>
  <datafield tag="952" ind1=" " ind2=" ">
    <subfield code="0">0</subfield>
    <subfield code="1">0</subfield>
    <subfield code="2">ddc</subfield>
    <subfield code="4">0</subfield>
    <subfield code="7">0</subfield>
    <subfield code="a">01</subfield>
    <subfield code="b">01</subfield>
    <subfield code="d">2018-02-02</subfield>
    <subfield code="e">BHARAT BOOKS DISTRIBUTOR</subfield>
    <subfield code="g">230.00</subfield>
    <subfield code="i">330 DATED 02/02/2018</subfield>
    <subfield code="l">0</subfield>
    <subfield code="o">005.133 KUM</subfield>
    <subfield code="p">01-B-125875</subfield>
    <subfield code="r">2018-02-06</subfield>
    <subfield code="v">230.00</subfield>
    <subfield code="w">2018-02-06</subfield>
    <subfield code="y">02</subfield>
  </datafield>
  <datafield tag="952" ind1=" " ind2=" ">
    <subfield code="0">0</subfield>
    <subfield code="1">0</subfield>
    <subfield code="2">ddc</subfield>
    <subfield code="4">0</subfield>
    <subfield code="7">0</subfield>
    <subfield code="a">01</subfield>
    <subfield code="b">01</subfield>
    <subfield code="d">2018-02-02</subfield>
    <subfield code="e">BHARAT BOOKS DISTRIBUTOR</subfield>
    <subfield code="g">230.00</subfield>
    <subfield code="i">330 DATED 02/02/2018</subfield>
    <subfield code="l">1</subfield>
    <subfield code="o">005.133 KUM</subfield>
    <subfield code="p">01-B-125876</subfield>
    <subfield code="r">2021-07-29</subfield>
    <subfield code="s">2018-03-07</subfield>
    <subfield code="v">230.00</subfield>
    <subfield code="w">2018-02-06</subfield>
    <subfield code="y">02</subfield>
  </datafield>
  <datafield tag="952" ind1=" " ind2=" ">
    <subfield code="0">0</subfield>
    <subfield code="1">0</subfield>
    <subfield code="2">ddc</subfield>
    <subfield code="4">0</subfield>
    <subfield code="7">0</subfield>
    <subfield code="a">01</subfield>
    <subfield code="b">01</subfield>
    <subfield code="d">2018-02-02</subfield>
    <subfield code="e">BHARAT BOOKS DISTRIBUTOR</subfield>
    <subfield code="g">230.00</subfield>
    <subfield code="i">330 DATED 02/02/2018</subfield>
    <subfield code="l">0</subfield>
    <subfield code="o">005.133 KUM</subfield>
    <subfield code="p">01-B-125877</subfield>
    <subfield code="r">2018-02-06</subfield>
    <subfield code="v">230.00</subfield>
    <subfield code="w">2018-02-06</subfield>
    <subfield code="y">02</subfield>
  </datafield>
</record>
